The First Four Quiz Stats

Quiz Updated Mar 16, 2012

Also try: Big 4 First Four
Challenge
Share
Tweet
Embed
Score 0/64 Timer 10:00
1 Play Today
% Correct
George Washington
94%
Alpha
89.5%
Beta
88.1%
John Adams
84.2%
Genesis
81%
Hydrogen
80.8%
Neil Armstrong
80.6%
Thomas Jefferson
80%
Partridge in a Pear Tree
78.8%
Toy Story
75.6%
Helium
74.6%
Turtle Doves
74.5%
Delaware
71.9%
Athens (Greece)
71.7%
Delta
71.2%
French Hens
69.3%
Jay Leno
68.2%
Kelly Clarkson
68.1%
Pennsylvania
67.4%
Exodus
62.5%
Gamma
61%
James Madison
59.4%
New Jersey
59.3%
Calling Birds
59%
Johnny Carson
58.1%
Toy Story 2
56.2%
Buzz Aldrin
53.8%
Leviticus
50.1%
Numbers
50%
Ruben Studdard
48%
Monsters, Inc.
46.1%
Georgia
45.3%
% Correct
Dr. No
44.9%
A Bug's Life
44.6%
Capricorn
43.5%
London (UK)
42.9%
Pisces
42.6%
Goldfinger
42.5%
Aquarius
41.2%
Carrie Underwood
40.4%
Aries
39.4%
Lithium
39.2%
Paris (France)
38.6%
Baltimore Colts
35.4%
Anne Boleyn
35%
Fantasia Barrino
32.7%
Kansas City Chiefs
29.8%
Katherine of Aragon
29.4%
Oakland Raiders
26.1%
Minnesota Vikings
25.6%
Beryllium
25.1%
Jack Paar
25.1%
From Russia With Love
24.7%
Jane Seymour
19.9%
Thunderball
17.2%
A Hard Day's Night
17.2%
Anne of Cleves
14.7%
Steve Allen
14.5%
Please Please Me
13.5%
St. Louis (USA)
12.6%
With The Beatles
9.1%
Beatles for Sale
6.8%
Alan Bean
2.1%
Pete Conrad
2.1%

You're not logged in!

Compare scores with friends on all Sporcle quizzes.
Sign Up with Email
OR
Log In

You Might Also Like...

Show Comments

Extras

Top Quizzes Today


Score Distribution

Your Account Isn't Verified!

In order to create a playlist on Sporcle, you need to verify the email address you used during registration. Go to your Sporcle Settings to finish the process.